Cлабые грунты на территории города Ханой (Вьетнам); Инженерная геология; № 1

Bibliographische Detailangaben
Parent link:Инженерная геология.— , 2008-
№ 1.— 2014.— [С. 30-39]
1. Verfasser: Фи Х. Т. Хонг Тхинь
Körperschaft: Национальный исследовательский Томский политехнический университет (ТПУ) Институт природных ресурсов (ИПР) Кафедра гидрогеологии, инженерной геологии и гидрогеоэкологии (ГИГЭ)
Weitere Verfasser: Строкова Л. А. Людмила Александровна
Zusammenfassung:Заглавие с экрана
Оседание земной поверхности в результате интенсивного излечения подземных вод в городе Ханой (Вьетнам) сопровождается деформациями и разрушениями инженерных сооружений. Для исследования данного процесса необходимо оценить грунтовые толщи этой территории. В статье представлены свойства четвертичных отложений, инженерно-геологические разрезы, карта мощности и распространения слабых грунтов, которые в основном предопределяют оседание земной поверхности при водопонижении.
The land subsidence caused by intensive groundwater exploitation in the Hanoi city (Vietnam) is followed by deformations and damages of engineering structures. To investigate this process it is necessary to carry out stratum subdivision for the territory. The article presents the properties of Quaternary deposits, engineering-geological sections, maps of thickness and distribution of soft soils for the Hanoi territory. The soils that mainly predetermine the land subsidence after groundwater drawdown are pointed out.
Режим доступа: по договору с организацией-держателем ресурса
Sprache:Russisch
Veröffentlicht: 2014
Schlagworte:
Online-Zugang:http://elibrary.ru/item.asp?id=21746067
Format: MixedMaterials Elektronisch Buchkapitel
KOHA link:https://koha.lib.tpu.ru/cgi-bin/koha/opac-detail.pl?biblionumber=653747

MARC

LEADER 00000naa0a2200000 4500
001 653747
005 20250228113418.0
035 |a (RuTPU)RU\TPU\network\19261 
035 |a RU\TPU\network\19259 
090 |a 653747 
100 |a 20170328d2014 k||y0rusy50 ca 
101 0 |a rus 
102 |a RU 
135 |a drcn ---uucaa 
181 0 |a i  
182 0 |a b 
200 1 |a Cлабые грунты на территории города Ханой (Вьетнам)  |d Soft soils of the Hanoi territory (Vietnam)  |f Х. Т. Фи, Л. А. Строкова 
203 |a Текст  |c электронный 
300 |a Заглавие с экрана 
320 |a [Библиогр.: с. 39 (11 назв.)] 
330 |a Оседание земной поверхности в результате интенсивного излечения подземных вод в городе Ханой (Вьетнам) сопровождается деформациями и разрушениями инженерных сооружений. Для исследования данного процесса необходимо оценить грунтовые толщи этой территории. В статье представлены свойства четвертичных отложений, инженерно-геологические разрезы, карта мощности и распространения слабых грунтов, которые в основном предопределяют оседание земной поверхности при водопонижении. 
330 |a The land subsidence caused by intensive groundwater exploitation in the Hanoi city (Vietnam) is followed by deformations and damages of engineering structures. To investigate this process it is necessary to carry out stratum subdivision for the territory. The article presents the properties of Quaternary deposits, engineering-geological sections, maps of thickness and distribution of soft soils for the Hanoi territory. The soils that mainly predetermine the land subsidence after groundwater drawdown are pointed out. 
333 |a Режим доступа: по договору с организацией-держателем ресурса 
461 |t Инженерная геология  |d 2008- 
463 |t № 1  |v [С. 30-39]  |d 2014 
510 1 |a Soft soils of the Hanoi territory (Vietnam)  |z eng 
610 1 |a электронный ресурс 
610 1 |a труды учёных ТПУ 
610 1 |a подземные воды 
610 1 |a оседание 
610 1 |a поверхности 
610 1 |a Вьетнам 
610 1 |a Ханой 
610 1 |a слабые грунты 
700 1 |a Фи  |b Х. Т.  |g Хонг Тхинь 
701 1 |a Строкова  |b Л. А.  |c геолог  |c профессор Томского политехнического университета, доктор геолого-минералогических наук  |f 1963-  |g Людмила Александровна  |3 (RuTPU)RU\TPU\pers\25433  |9 11375 
712 0 2 |a Национальный исследовательский Томский политехнический университет (ТПУ)  |b Институт природных ресурсов (ИПР)  |b Кафедра гидрогеологии, инженерной геологии и гидрогеоэкологии (ГИГЭ)  |3 (RuTPU)RU\TPU\col\18664 
801 2 |a RU  |b 63413507  |c 20170328  |g RCR 
856 4 0 |u http://elibrary.ru/item.asp?id=21746067 
942 |c CF